00934nam a2200253Ia 4500003000400000005001700004008004100021020001800062040001800080041000800098082002300106100002800129245007100157250001200228260006700240300003600307650004100343650004500384650004300429650002700472942003200499999001900531952013000550OSt20250203121340.0210716s2008 xx 000 0 und d a9788184045260 cAIMIT LIBRARY aeng a005.7401 21bSHAS aShah, Sharanam.9197155 aOracle: bfor professionals /cBy Sharanam Shah and Vaishali Shah. a1st ed. aMumbai :bShroff Publishers and Distributors Pvt Ltd ,c2008. axxxii,1343,55 p.;bHBc24.8 cm. aOracle database architecture9197156 aInstallation of oracle database 9197157 aTablespace and user management9197158 ausing sql plus9197159 2ddccBKe1stk005.7401 SHAS c189108d189108 001040708MCAaAIMITbAIMITeAthulya Booksg750.00l0o005.7401 SHASpMCA08616r2025-07-21 00:00:00v585.00w2021-07-16yBK